Music Quiz

Random Music or Famous Quiz

Famous Georgia Musicians Quiz Stats

 Plays Quiz not verified by Sporcle

Challenge
Share
Tweet
Embed
Score 0/25 Timer 06:00
0 Plays Today
Hint Musician % Correct
Singer/Pianist 'Georgia on My Mind'Ray Charles
84%
Godfather of Soul - 'I Feel Good'James Brown
78.7%
Brothers from Macon-'Ramblin' Man', 'Whipping Post'Allman Brothers
76.6%
Band - 'Love Shack', 'Rock Lobster'B-52's
72.3%
Band - 'Losing My Religion', 'Man on the Moon', 'The One I Love'REM
69.1%
Singer - 'Tutti Frutti', 'Long Tall Sally'Little Richard
68.1%
Singer - 'Chattahoochee', 'It's Five o'clock Somewhere'Alan Jackson
67%
Singer - 'Sitting on the Dock of the Bay'Otis Redding
66%
Sang with 'Pips' - 'Midnight Train to Georgia'Gladys Knight
64.9%
Singer - 'The Gambler', 'Coward of the County'Kenny Rogers
60.6%
Band - 'Keep Your Hands to Yourself'Georgia Satellites
41.5%
Singer - 'The Streak', 'Mississippi Squirrel Revival'Ray Stevens
41.5%
Singer/songwriter (and voice of 'Chef' on South Park) - 'Walk on By', 'Never Can Say Goodbye'Isaac Hayes
38.3%
Hint Musician % Correct
Band - 'Shine', 'December'Collective Soul
36.2%
Singer/Actor - 'Amos Moses', 'East Bound and Down'Jerry Reed
35.1%
Singer - 'Country Club', 'Here's a Quarter, Call Someone Who Cares'Travis Tritt
31.9%
Singer-'I'm Sorry', 'Rockin' Around the Christmas Tree'Brenda Lee
28.7%
Band - 'Champagne Jam', 'Imaginary Lover'Atlanta Rhythm Section
26.6%
Singers/songwriters - 'Closer to Fine'Indigo Girls
25.5%
Singer/songwriter-'People Get Ready', 'Superfly'Curtis Mayfield
24.5%
Singer/Songwriter - 'Baby Don't get Hooked on Me', 'It's Hard to be Humble'Mac Davis
19.1%
CGP, once most powerful man in Nashville and one of all-time greatest guitar pickersChet Atkins
18.1%
Singer/Actress - 'Stormy Weather'Lena Horne
17%
'Whispering' singer/songwriter/'Still', 'Po Folks'Bill Anderson
13.8%
Singer - 'Down in the Boondocks', 'Tell it Like it Is'Billy Joe Royal
11.7%

You're not logged in!

Compare scores with friends on all Sporcle quizzes.
OR
Log In

You Might Also Like...

Show Comments

Extras

Top Quizzes Today


Score Distribution

Your Account Isn't Verified!

In order to create a playlist on Sporcle, you need to verify the email address you used during registration. Go to your Sporcle Settings to finish the process.

Report this User

Report this user for behavior that violates our Community Guidelines.

Details: